| 000 | 01213cam a22002651i 4500 | ||
|---|---|---|---|
| 003 | SA-RiAUC | ||
| 005 | 20240921130319.0 | ||
| 008 | 240917s1984 le g 0001h ara c | ||
| 040 |
_aSA-MdTU _bara _cSA-RiAUC _erda |
||
| 082 | 0 | 4 |
_a817.5 _qSA-RiAUC |
| 090 |
_a817.5 _bا ب ن ح |
||
| 100 | 1 |
_aابن حزم، علي بن أحمد بن سعيد، _d384-456 هجري _eمؤلف. |
|
| 245 | 1 | 0 |
_aنوادر الإمام ابن حزم / _cعلي بن أحمد بن سعيد بن حزم ؛ خرجها وعلق عليها أبي عبد الرحمن بن عقيل الظاهري. |
| 250 | _aالطبعة الأولى. | ||
| 264 | 1 |
_aبيروت : _bدار الغرب الإسلامي، _c1984 |
|
| 300 |
_a313 صفحة ؛ _c24 سم |
||
| 336 |
_aنص _btxt _2rdacontent _3كتاب |
||
| 337 |
_aبدون وسيط _bn _2rdamedia |
||
| 338 |
_aمجلد _bnc _2rdacarrier |
||
| 650 | 7 |
_aالنوادر العربية _yالعصر العباسي _2aucsh |
|
| 650 | 7 |
_aالأهاجي والفكاهات العربية _yالعصر العباسي _2aucsh |
|
| 700 | 1 |
_aالظاهري، أبو عبد الرحمن بن عقيل، _d1357 هجري- _eمخرج. |
|
| 942 |
_2ddc _cBOOK |
||
| 949 |
_aSA-JeALM _d240917 _umohamedma123 _n1 |
||
| 999 |
_c413 _d413 |
||